Flexible working at PricewaterhouseCoopers (Record no. 73203)

MARC details
000 -LEADER
fixed length control field 00919cam a2200217 4500
001 - CONTROL NUMBER
control field ABS66898
008 - FIXED-LENGTH DATA ELEMENTS--GENERAL INFORMATION
fixed length control field 030808n2003 000 0 eng u
035 ## - SYSTEM CONTROL NUMBER
System control number (Sirsi) u123251
100 ## - MAIN ENTRY--PERSONAL NAME
Personal name Booty, F.
245 ## - TITLE STATEMENT
Title Flexible working at PricewaterhouseCoopers
260 ## - PUBLICATION, DISTRIBUTION, ETC.
Date of publication, distribution, etc. 2003
490 ## - SERIES STATEMENT
Series statement RICS Facilities Management Faculty Feature
Volume/sequential designation 28 July 2003 (5)
520 ## - SUMMARY, ETC.
Summary, etc. Case study of flexible working practices at PricewaterhouseCoopers which are closely linked to the company's property strategy. This is focused on creating a better working environment through sharing of office space. Each part of the business develops its own benchmarks for sharing, a process which has led to reduced occupancy costs.
590 ## - LOCAL NOTE (RLIN)
Local note ABS
650 ## - SUBJECT ADDED ENTRY--TOPICAL TERM
Topical term or geographic name entry element FLEXIBLE WORKING
650 ## - SUBJECT ADDED ENTRY--TOPICAL TERM
Topical term or geographic name entry element OCCUPANCY COSTS
650 ## - SUBJECT ADDED ENTRY--TOPICAL TERM
Topical term or geographic name entry element SHARED ACCOMMODATION
650 ## - SUBJECT ADDED ENTRY--TOPICAL TERM
Topical term or geographic name entry element WORKSPACE DESIGN
690 ## - LOCAL SUBJECT ADDED ENTRY--TOPICAL TERM (OCLC, RLIN)
Topical term or geographic name as entry element MANAGEMENT-FACILITIES MANAGEMENT
942 ## - ADDED ENTRY ELEMENTS (KOHA)
Suppress in OPAC 0
Holdings
Withdrawn status Lost status Source of classification or shelving scheme Damaged status Not for loan Home library Current library Shelving location Date acquired Total Checkouts Full call number Barcode Date last seen Copy number Price effective from Koha item type
    Dewey Decimal Classification     London London Journal article 08/08/2003   ABS66898 123251-1001 06/08/2019 1 06/08/2019 Journal article